000 00612nam a2200229Ia 4500
003 GCL
008 140319s9999 xx 000 0 eng d
040 _aGCL /
_cGCL
082 0 4 _aCC
_b932.013
_bP P
100 1 _aPOSENER, G.
245 1 0 _aPRINCES ET PAYS D'ASIE ET DE NUBIE /
_cPOSENER, G.
260 _a[S.N] :
_bFONDATION EGYPTOLOGIQUE ،
_c1940
300 _a114 P
650 0 4 _aحسن فتحى
650 0 4 _aHIERATIC
650 0 4 _aNUBIA
650 0 4 _aEGYPT, KINGS AND RULERS
650 0 4 _aEGYPTIAN LANGUAGE - HIERATIC
650 0 4 _aASIANS
650 0 4 _aMIDDLE KINGDOM (EGYPT)
942 _2ddc
_cBK
999 _c20409
_d20409